| 000 | 00418nam a22001217a 4500 | ||
|---|---|---|---|
| 999 |
_c9681 _d9681 |
||
| 003 | OSt | ||
| 008 | 201203b ||||| |||| 00| 0 eng d | ||
| 245 | _aJournal of Scientific and Industrial Research (JSIR) | ||
| 250 | _a2016(Jan Vol.75 No.1, Feb Vol.75 No.2, Apr Vol.75 No.4, May Vol.75 No.5, Jun Vol.75 No.6, Nov Vol.75 No.11) | ||
| 260 |
_aNew Delhi _bCSIR-NISCAIR |
||
| 650 | _aMechanical Engineering | ||
| 942 |
_2ddc _cBV |
||